Vybrané kapitoly z organizace a řízení provozu spojů 1

Salvato in:
Dettagli Bibliografici
Autore principale: Šafránek, Svatopluk
Ente Autore: Vysoká škola ekonomická v Praze. Výrobně ekonomická fakulta
Natura: Libro
Lingua:ceco
Pubblicazione: Praha Státní pedagogické nakladatelství 1985
Tags: Aggiungi Tag
Nessun Tag, puoi essere il primo ad aggiungerne!!

MARC

LEADER 00000nam a2200000 4500
001 c108837
005 20221220080619.5
041 0 |a cze 
044 |a CZ 
245 1 0 |a Vybrané kapitoly z organizace a řízení provozu spojů 1  |c Svatopluk Šafránek 
264 1 |a Praha  |b Státní pedagogické nakladatelství  |c 1985 
300 |a 194 s. 
100 1 |a Šafránek, Svatopluk 
710 2 |a Vysoká škola ekonomická v Praze. Výrobně ekonomická fakulta